00401nam a22001337a 4500003000400000008004100004020001800045082001500063100002800078245007800106260004800184300001600232650001900248OSt240702b |||||||| |||| 00| 0 eng d a9781422196021 a654.1bCHI aCHRISTENSEN, Clayton M. aThe Innovator's Dilemma : When New Technologies Cause Great Firms to Fail aUSA:bHarvard Business Review Press,c2019. axxvii,252p. aGeneral Books